[Event "DVM U14w 2013"]
[Site "Oberbernhards-Hilders GER"]
[Date "2013.12.27"]
[Round "1"]
[White "Ketterer, Beatrice"]
[Black "Rau, Jennifer"]
[Result "0-1"]
[Termination "normal"]
[Board "6.4"]
[WhiteElo "752"]
[BlackElo "1098"]
[WhiteTeam "Karlsruher SF 1853"]
[BlackTeam "SV Turm Lahnstein"]
[WhiteFideId "12983411"]
[BlackFideId "12983276"]
[EventCountry "GER"]
[EventRounds "7"]
[EventType "team-swiss"]
[EventDate "2013.12.26"]

1. e4 e5 2. Nf3 d6 3. Bc4 c6 4. Nc3 Be7 5. d4 Nd7 6. d5 c5 7. Na4 a6 8. Bd3 b5
9. Nc3 c4 10. Be2 Ngf6 11. a4 b4 12. Na2 a5 13. Bxc4 Nxe4 14. Bb5 Qb6 15. Be3
Qb7 16. Qd3 Nef6 17. Bc6 Qb8 18. Bxa8 Qxa8 19. Bg5 e4 20. Qd1 exf3 21. Qxf3
Qxd5 22. Qxd5 Nxd5 23. Bxe7 Nxe7 24. Rd1 d5 25. O-O Nb6 26. b3 Bg4 27. Rd4 Be6
28. c3 Nc6 29. Rd3 O-O 30. Rc1 Rd8 31. cxb4 Nxb4 32. Nxb4 axb4 33. Rd4 Nc8 34.
Rxb4 d4 35. a5 d3 36. a6 d2 37. Rd1 Rd6 38. a7 Nxa7 39. Rb8+ Nc8 40. b4 Rc6 41.
h3 Rc1 42. Rxc1 dxc1=Q+ 43. Kh2 Qc7+ 44. Kg1 Qxb8 45. Kh1 Qxb4 46. Kg1 Bd5 47.
Kf1 Qe4 48. f3 Qe3 49. g4 Qxf3+ 50. Ke1 Nd6 51. h4 Nc4 52. g5 Qg2 53. g6 fxg6
54. h5 Bf3 55. h6 Qe2# 0-1

[Event "DVM U14w 2013"]
[Site "Oberbernhards-Hilders GER"]
[Date "2013.12.27"]
[Round "1"]
[White "Shvartsman, Kristina"]
[Black "Havenith, Julia"]
[Result "1-0"]
[Termination "normal"]
[Board "7.1"]
[WhiteElo "1163"]
[BlackElo "1451"]
[WhiteTeam "SK Gräfelfing"]
[BlackTeam "SG Solingen"]
[WhiteFideId "12983438"]
[BlackFideId "12983284"]
[EventCountry "GER"]
[EventRounds "7"]
[EventType "team-swiss"]
[EventDate "2013.12.26"]

1. e4 e5 2. Nf3 Nc6 3. Bc4 Nf6 4. d3 Be7 5. Be3 O-O 6. c3 d6 7. Nbd2 Na5 8. Bb3
Bg4 9. h3 Bh5 10. Qe2 Nxb3 11. Nxb3 c6 12. O-O-O a5 13. g4 Bg6 14. Rdg1 b5 15.
h4 h5 16. gxh5 Nxh5 17. Bg5 c5 18. Bxe7 Qxe7 19. Ne1 a4 20. Nd2 Qe6 21. Kb1
Rfc8 22. Rg5 Nf4 23. Qf3 c4 24. h5 Bh7 25. Qg3 Qf6 26. Rh4 cxd3 27. Rhg4 g6 28.
hxg6 Bxg6 29. Nef3 Kf8 30. Nh4 Bh5 31. Rf5 Qh6 32. Rg8+ Ke7 33. Rxe5+ Kd7 34.
Rxc8 Rxc8 35. Rxb5 Be2 36. a3 Ne6 37. Nf5 Qh1+ 38. Ka2 Rc6 39. Rb7+ Kc8 40.
Rxf7 Rc7 41. Nxd6+ Kb8 42. Qg8+ Ka7 43. Nb5+ Kb6 44. Nxc7 Qd1 45. Nd5+ Kc6 46.
Qc8+ Kd6 47. Qd7+ Kc5 48. Qa7+ 1-0

[Event "DVM U14w 2013"]
[Site "Oberbernhards-Hilders GER"]
[Date "2013.12.27"]
[Round "1"]
[White "Kublanov, Carolin"]
[Black "Joebges, Julia"]
[Result "1/2-1/2"]
[Termination "normal"]
[Board "7.2"]
[WhiteElo "1492"]
[BlackElo "1281"]
[WhiteTeam "SG Solingen"]
[BlackTeam "SK Gräfelfing"]
[WhiteFideId "12944548"]
[BlackFideId "12983446"]
[EventCountry "GER"]
[EventRounds "7"]
[EventType "team-swiss"]
[EventDate "2013.12.26"]

1. e4 e5 2. Nf3 Nc6 3. Nc3 Nf6 4. Bb5 Bd6 5. d3 a6 6. Bc4 O-O 7. Bg5 Be7 8. O-O
d6 9. h3 Nd7 10. Qd2 Nb6 11. Bb3 h6 12. Be3 Be6 13. Nd5 Bxd5 14. exd5 Na7 15.
c4 c6 16. dxc6 Nxc6 17. Bc2 Qc7 18. b3 Bf6 19. d4 Rad8 20. Qd3 g6 21. a3 Bg7
22. Qd2 Kh7 23. Rac1 d5 24. cxd5 Nxd5 25. Nxe5 Nxe3 26. Qxe3 Bxe5 27. Qxe5 Qxe5
28. dxe5 Nxe5 29. Be4 Rd7 30. Rfd1 Re7 31. Re1 Rfe8 32. Kf1 f5 33. Bc2 Nc6 34.
Rxe7+ Rxe7 35. Re1 Rc7 36. Rd1 Na5 37. Rd2 Kg7 38. b4 Nc4 39. Re2 Nxa3 40. Bd1
b6 41. Ra2 Rc3 42. Ke2 Kf6 43. Kd2 Nb1+ 44. Ke2 Na3 45. Kd2 Nb1+ 46. Ke2 Na3
47. Kd2 1/2-1/2

[Event "DVM U14w 2013"]
[Site "Oberbernhards-Hilders GER"]
[Date "2013.12.27"]
[Round "1"]
[White "Khamenya, Vitalia"]
[Black "Kublanov, Elizabeth"]
[Result "0-1"]
[Termination "normal"]
[Board "7.3"]
[WhiteElo "1222"]
[BlackElo "1332"]
[WhiteTeam "SK Gräfelfing"]
[BlackTeam "SG Solingen"]
[WhiteFideId "12959260"]
[BlackFideId "12944564"]
[EventCountry "GER"]
[EventRounds "7"]
[EventType "team-swiss"]
[EventDate "2013.12.26"]

1. e4 e5 2. Nf3 Nc6 3. Bc4 Bc5 4. b4 Bxb4 5. c3 Bc5 6. d4 exd4 7. O-O dxc3 8.
Bxf7+ Kxf7 9. Qd5+ Ke8 10. Qxc5 Qf6 11. Bg5 Qg6 12. Na3 d6 13. Qe3 h6 14. Bh4
Nf6 15. Bxf6 gxf6 16. Nh4 Qg4 17. Nf5 Qg5 18. Qe2 Rg8 19. g3 h5 20. Kh1 Kd8 21.
Qc4 Bxf5 22. exf5 Kd7 23. Qe6+ Kd8 24. Rad1 Re8 25. Qd5 h4 26. Nb5 hxg3 27.
fxg3 Rh8 28. Kg2 Qe3 29. Rfe1 Qh6 30. Nxd6 Qxh2+ 31. Kf3 Qh5+ 32. Ke3 Qg5+ 33.
Kf3 Qh5+ 34. Kg2 Qh2+ 35. Kf1 Qh1+ 36. Qxh1 Rxh1+ 37. Kg2 Rxe1 38. Rxe1 cxd6
39. Rh1 Kc7 40. Rc1 Kb6 41. Rxc3 Ne7 42. g4 Rg8 43. Kg3 Nxf5+ 44. Kf4 Nh6 45.
Rb3+ Kc7 46. Rc3+ Kb8 47. Rg3 d5 48. a3 a6 49. a4 b5 50. axb5 axb5 51. Rb3
Rxg4+ 52. Kf3 b4 53. Re3 Rc4 54. Re8+ Rc8 55. Re6 Kb7 56. Rxf6 b3 57. Rxh6 b2
58. Rh1 Rc1 59. Rh7+ Kc6 60. Rh6+ Kc5 61. Rh8 b1=Q 62. Rc8+ Kd4 63. Rh8 Qe4+
64. Kf2 Qe3+ 65. Kg2 Rc2+ 66. Kf1 Qf2# 0-1

[Event "DVM U14w 2013"]
[Site "Oberbernhards-Hilders GER"]
[Date "2013.12.27"]
[Round "1"]
[White "Bashylina, Luisa"]
[Black "Shvartsman, Julia"]
[Result "0-1"]
[Termination "normal"]
[Board "7.4"]
[WhiteElo "891"]
[BlackElo "911"]
[WhiteTeam "SG Solingen"]
[BlackTeam "SK Gräfelfing"]
[WhiteFideId "12983292"]
[BlackFideId "12983454"]
[EventCountry "GER"]
[EventRounds "7"]
[EventType "team-swiss"]
[EventDate "2013.12.26"]

1. e4 e5 2. Nf3 Nc6 3. d4 d6 4. d5 Nce7 5. Be3 Bg4 6. Nc3 Nf6 7. Qd2 c6 8.
O-O-O a5 9. h3 Bh5 10. g4 Bg6 11. g5 Nxe4 12. Nxe4 Bxe4 13. Bg2 Nxd5 14. Rde1
Nb4 15. Bb6 Qxb6 16. Rxe4 Nxa2+ 17. Kb1 d5 18. Rd1 Ba3 19. Rxe5+ Kf8 20. b3 Bb4
21. Qf4 Nc3+ 22. Kc1 Nxd1 23. g6 hxg6 24. Ng5 Qxf2 25. Re8+ Kxe8 26. Qe5+ Kf8
27. Bxd5 Qe3+ 28. Qxe3 Nxe3 29. Bxf7 Bc3 30. Be6 Rd8 31. Kb1 Rd1+ 32. Ka2 Ra1#
0-1

[Event "DVM U14w 2013"]
[Site "Oberbernhards-Hilders GER"]
[Date "2013.12.27"]
[Round "1"]
[White "Halas, Julia"]
[Black "Voß, Henrike"]
[Result "1-0"]
[Termination "normal"]
[Board "8.1"]
[WhiteElo "1573"]
[BlackElo "1244"]
[WhiteTeam "Schachgemeinschaft Leipzig"]
[BlackTeam "SC Schachelschweine"]
[WhiteFideId "12931810"]
[BlackFideId "12971910"]
[EventCountry "GER"]
[EventRounds "7"]
[EventType "team-swiss"]
[EventDate "2013.12.26"]

1. d4 Nf6 2. c4 c5 3. d5 b5 4. cxb5 a6 5. b6 Qxb6 6. Nc3 d6 7. e4 Nbd7 8. Nf3
g6 9. Be2 Bg7 10. Qc2 O-O 11. O-O Bb7 12. Re1 e6 13. Bc4 Rfe8 14. Bd2 Ng4 15.
dxe6 fxe6 16. h3 Nge5 17. Nxe5 Nxe5 18. Bf1 Rac8 19. Rad1 Red8 20. Bf4 Nf7 21.
Bc4 Bxc3 22. Qxc3 d5 23. exd5 exd5 24. Bf1 d4 25. Qc2 c4 26. Qa4 Qb5 27. Qxb5
axb5 28. Rc1 d3 29. Bd2 Re8 30. Rxe8+ Rxe8 31. a4 Bc6 32. Bxd3 cxd3 33. Rxc6
Re2 34. Bc3 Kf8 35. Kf1 bxa4 36. Ra6 Re4 37. Ra5 Rc4 38. Ke1 Re4+ 39. Kd1 Ke8
40. Rd5 Re2 41. Rxd3 Rxf2 42. Rd2 Rxd2+ 43. Kxd2 Kd7 44. Kd3 Kc6 45. Kc4 Nd6+
46. Kb4 Ne4 47. Kxa4 Nxc3+ 48. bxc3 Kc5 49. Kb3 h6 50. g4 g5 51. c4 Kc6 52. Kc3
Kc5 53. Kd3 Kc6 54. Kd4 Kd6 55. Ke4 1-0

[Event "DVM U14w 2013"]
[Site "Oberbernhards-Hilders GER"]
[Date "2013.12.27"]
[Round "1"]
[White "Christiansen, Anna"]
[Black "Schmidt, Alexandra"]
[Result "0-1"]
[Termination "normal"]
[Board "8.2"]
[WhiteElo "1094"]
[BlackElo "1512"]
[WhiteTeam "SC Schachelschweine"]
[BlackTeam "Schachgemeinschaft Leipzig"]
[WhiteFideId "12952230"]
[BlackFideId "12946036"]
[EventCountry "GER"]
[EventRounds "7"]
[EventType "team-swiss"]
[EventDate "2013.12.26"]

1. e4 e6 2. d4 d5 3. e5 c5 4. Be3 Qb6 5. dxc5 Qxb2 6. Bd4 Qb4+ 7. c3 Qa5 8. Nf3
Bxc5 9. Bxc5 Qxc5 10. Nd4 Ne7 11. Bd3 Nbc6 12. O-O O-O 13. Bc2 h6 14. Bd3 Nxe5
15. Be2 N5g6 16. f4 Nxf4 17. Rxf4 e5 18. Rh4 exd4 19. cxd4 Qb6 20. Kh1 Nf5 21.
Rh5 Qxd4 22. Nd2 g6 23. Rh3 Ne3 24. Rxe3 Qxe3 25. Nf1 Qe5 26. Ng3 Bf5 27. Nxf5
Qxf5 28. Qd2 h5 29. Rf1 Qe5 30. Bd1 Rae8 31. Qf2 d4 32. Bc2 Qe2 33. Qf6 Qxc2
34. Qxd4 Qxa2 35. Qb4 Qe2 36. Qf4 a5 37. h3 Qe4 38. Qc1 b5 39. Qb2 b4 40. Qa2
Ra8 41. Rc1 Rfc8 42. Rf1 Qe6 43. Qb2 b3 44. Rf2 a4 45. Qa3 Qe1+ 46. Rf1 Qxf1+
47. Kh2 Qf4+ 48. Kh1 Rc1+ 49. Qxc1 Qxc1+ 50. Kh2 b2 51. h4 b1=R 52. Kh3 Qe3+
53. Kh2 a3 54. g3 Qg1+ 55. Kh3 Qh1# 0-1

[Event "DVM U14w 2013"]
[Site "Oberbernhards-Hilders GER"]
[Date "2013.12.27"]
[Round "1"]
[White "Kahle, Leonie"]
[Black "Truong, Lisa"]
[Result "1-0"]
[Termination "normal"]
[Board "8.3"]
[WhiteElo "1365"]
[BlackElo "1017"]
[WhiteTeam "Schachgemeinschaft Leipzig"]
[BlackTeam "SC Schachelschweine"]
[WhiteFideId "12983306"]
[BlackFideId "12983462"]
[EventCountry "GER"]
[EventRounds "7"]
[EventType "team-swiss"]
[EventDate "2013.12.26"]

1. e4 e5 2. Nf3 Nc6 3. Bc4 Nf6 4. d3 Bc5 5. Nc3 h6 6. Be3 Bb6 7. h3 d6 8. Qd2
Be6 9. Bb3 d5 10. exd5 Nxd5 11. Nxd5 Bxd5 12. Ba4 Qd6 13. c4 Be6 14. Qc3 Bxe3
15. fxe3 O-O 16. Bxc6 Qxc6 17. Qxe5 Rfd8 18. O-O-O a6 19. Kb1 Re8 20. Qc3 b5
21. Nd4 Qb6 22. c5 Qb7 23. g4 b4 24. Qc2 Qd5 25. Nxe6 Rxe6 26. e4 Qe5 27. Rhe1
Rc6 28. Rc1 a5 29. Qc4 Rb8 30. d4 Qe7 31. d5 Rg6 32. e5 a4 33. Rcd1 Rg5 34. Qd4
Qd7 35. c6 Qe8 36. Rc1 Rb6 37. d6 Qd8 38. d7 Rg6 39. Qd5 Re6 40. Rc5 b3 41. a3
Kh8 42. Rec1 Kg8 43. Rb5 Rxb5 44. Qxb5 Qa8 45. Qb7 Qd8 46. Qc8 Qxc8 47. dxc8=Q+
Kh7 48. Qxc7 Kg8 49. Qc8+ Kh7 50. Qxe6 fxe6 51. c7 Kg6 52. c8=Q Kh7 53. Qxe6
Kh8 54. Rc8+ Kh7 55. Qg8+ Kg6 56. Rc6+ Kg5 57. Qxg7+ Kf4 58. Qf6+ Ke3 59. Rd6
h5 60. e6 hxg4 61. e7 g3 62. e8=R# 1-0

[Event "DVM U14w 2013"]
[Site "Oberbernhards-Hilders GER"]
[Date "2013.12.27"]
[Round "1"]
[White "Christiansen, Sarah"]
[Black "Wiehe, Clara"]
[Result "1-0"]
[Termination "normal"]
[Board "8.4"]
[WhiteElo "1085"]
[BlackElo "889"]
[WhiteTeam "SC Schachelschweine"]
[BlackTeam "Schachgemeinschaft Leipzig"]
[WhiteFideId "12971936"]
[BlackFideId "12983322"]
[EventCountry "GER"]
[EventRounds "7"]
[EventType "team-swiss"]
[EventDate "2013.12.26"]

1. e4 e5 2. Nf3 Nc6 3. Bc4 Bc5 4. c3 Nf6 5. d4 Bb6 6. Bg5 d6 7. h3 h6 8. Be3
Be6 9. Bb3 Nxe4 10. Nbd2 Nf6 11. Bc2 Qd7 12. Ne4 Nxe4 13. Bxe4 d5 14. Bc2 O-O-O
15. dxe5 Rde8 16. Bxb6 axb6 17. g4 Qe7 18. Ba4 Bd7 19. Qxd5 Nxe5 20. Bxd7+
Nxd7+ 21. Kd2 Qe6 22. Qxe6 Rxe6 23. g5 h5 24. Rhe1 Rhe8 25. Nd4 Re5 26. Nb5 Kd8
27. Rxe5 Nxe5 28. f4 Ng6 29. f5 Nf4 30. Rh1 Re5 31. Nd4 c5 32. Nb5 Rxf5 33. Nd6
Rd5+ 34. Kc2 Rxd6 35. Rf1 Nxh3 36. Rxf7 Rd7 37. Rf8+ Ke7 38. Rh8 Nxg5 39. Rxh5
Nf3 40. b4 Rd2+ 41. Kb3 Kd6 42. bxc5+ bxc5 43. a4 Kc6 44. Rh7 g5 45. Rf7 Rd3
46. Rf8 g4 47. Kc4 Ne5+ 48. Kb3 b6 49. Rc8+ Kd7 50. Rb8 Kc7 51. Re8 Nf7 52.
Re7+ Rd7 53. Re4 g3 54. Rg4 Rd3 55. Rg7 Rf3 56. Kc4 Kd6 57. Kb5 Kc7 58. c4 Kb7
59. Rg6 Kc7 60. Rxb6 Nd6+ 61. Kxc5 Nxc4 62. Rg6 Ne3 63. Rg7+ Kd8 64. a5 Nf5 65.
Rg6 Ke7 66. a6 g2 67. Rxg2 Ra3 68. Kb6 Nd6 69. a7 Kd7 70. Rg7+ Kc8 71. Kc6 Kd8
72. Kxd6 Rd3+ 73. Kc5 Rd7 74. Rxd7+ Kxd7 75. a8=Q 1-0

[Event "DVM U14w 2013"]
[Site "Oberbernhards-Hilders GER"]
[Date "2013.12.27"]
[Round "1"]
[White "Schneider, Xenia"]
[Black "Rieger, Lotta"]
[Result "0-1"]
[Termination "normal"]
[Board "9.1"]
[WhiteElo "1002"]
[BlackElo "1360"]
[WhiteTeam "SK Endingen"]
[BlackTeam "SV Empor Erfurt"]
[WhiteFideId "12911984"]
[BlackFideId "12964620"]
[EventCountry "GER"]
[EventRounds "7"]
[EventType "team-swiss"]
[EventDate "2013.12.26"]

1. e4 e6 2. Nc3 d5 3. exd5 exd5 4. d4 Nf6 5. Nf3 Be7 6. Be2 Bf5 7. Bf4 c6 8.
O-O Nbd7 9. h3 O-O 10. Bd3 Ne4 11. Bxe4 Bxe4 12. Re1 Bg6 13. Re3 Bh5 14. Qe2
Bf6 15. Qd2 Qb6 16. Na4 Qd8 17. Rae1 b5 18. Bd6 bxa4 19. Bxf8 Qxf8 20. Nh2 Bg5
21. a3 Bxe3 22. Qxe3 Nf6 23. f3 Re8 24. Qc3 Rxe1+ 25. Qxe1 Bg6 26. Qc3 Qd6 27.
Nf1 Nd7 28. Qd2 c5 29. dxc5 Qxc5+ 30. Kh1 Bxc2 31. Qe2 h6 32. Qe8+ Nf8 33. Qe2
Qc4 34. Qf2 Bd3 35. Ne3 Qd4 36. Qd2 Ne6 37. Qe1 Qxb2 38. Nxd5 Qxa3 39. Qe3 Qa1+
40. Kh2 Bg6 41. Ne7+ Kh7 42. Nxg6 Kxg6 43. Qe4+ Kf6 44. Qh4+ Kg6 45. Qe4+ Kf6
46. Qh4+ Ng5 47. f4 a3 48. fxg5+ hxg5 49. Qf2+ Ke6 50. Qe2+ Qe5+ 51. Qxe5+ Kxe5
52. Kg3 a2 53. Kh2 a1=Q 54. Kg3 Qe1+ 55. Kf3 Qc3+ 56. Kg4 Qd4+ 57. Kxg5 Qf4+
58. Kh5 g6# 0-1

[Event "DVM U14w 2013"]
[Site "Oberbernhards-Hilders GER"]
[Date "2013.12.27"]
[Round "1"]
[White "Schulz, Theresa Charlotte"]
[Black "Wagner, Lena"]
[Result "1-0"]
[Termination "normal"]
[Board "9.2"]
[WhiteElo "1283"]
[BlackElo "883"]
[WhiteTeam "SV Empor Erfurt"]
[BlackTeam "SK Endingen"]
[WhiteFideId "12952206"]
[BlackFideId "12983470"]
[EventCountry "GER"]
[EventRounds "7"]
[EventType "team-swiss"]
[EventDate "2013.12.26"]

1. e4 e5 2. Nf3 Nc6 3. Bc4 Bc5 4. Qe2 Nf6 5. Ng5 O-O 6. Nxf7 Qe7 7. Nxe5+ Kh8
8. Nxc6 bxc6 9. d3 d6 10. Bg5 Qe5 11. Bc1 Ng4 12. f3 Nf6 13. c3 Qe7 14. Be3
Bxe3 15. Qxe3 Re8 16. O-O d5 17. Bb3 dxe4 18. fxe4 Ng4 19. Qf4 h6 20. Qf7 Qxf7
21. Rxf7 Be6 22. Bxe6 Rxe6 23. Rxc7 Ne3 24. Nd2 Rg6 25. Kf2 Ng4+ 26. Kg3 Ne5+
27. Kh3 Nxd3 28. Rf1 Re8 29. Rf3 Re5 30. Rf5 Nf2+ 31. Kh4 Rg4+ 32. Kh5 g6+ 33.
Kxh6 Rh4+ 34. Kxg6 Re6+ 35. Rf6 Rg4+ 36. Kf5 Re8 37. Rh6+ Kg8 38. Rg6+ Rxg6 39.
Kxg6 Re6+ 40. Kf5 Re8 41. Rxc6 Rf8+ 42. Rf6 Rd8 43. Nb3 Rd7 44. Ke6 Rb7 45.
Rxf2 Rb6+ 46. Kd7 Rb7+ 47. Kc6 Rb6+ 48. Kc7 Rg6 49. Rf3 Rg7+ 50. Kc6 Rg6+ 51.
Kd5 Rg7 52. Rg3 Rxg3 53. hxg3 Kg7 54. c4 Kf7 55. c5 Ke7 56. c6 Kd8 57. Kd6 Kc8
58. c7 a6 59. Nd4 a5 60. Nb5 a4 61. Kc6 a3 62. Na7# 1-0

[Event "DVM U14w 2013"]
[Site "Oberbernhards-Hilders GER"]
[Date "2013.12.27"]
[Round "1"]
[White "Wagner, Anna"]
[Black "Allin, Katharina"]
[Result "0-1"]
[Termination "normal"]
[Board "9.3"]
[WhiteElo "866"]
[BlackElo "1306"]
[WhiteTeam "SK Endingen"]
[BlackTeam "SV Empor Erfurt"]
[WhiteFideId "12983489"]
[BlackFideId "12903779"]
[EventCountry "GER"]
[EventRounds "7"]
[EventType "team-swiss"]
[EventDate "2013.12.26"]

1. e4 e5 2. Nf3 Nc6 3. Bb5 a6 4. Ba4 b5 5. Bb3 Bc5 6. O-O Nf6 7. Nc3 d6 8. d3
h6 9. h3 Be6 10. Nd5 Bxd5 11. exd5 Ne7 12. Be3 Bxe3 13. fxe3 Nexd5 14. Bxd5
Nxd5 15. e4 Ne3 16. Qe1 Nxc2 17. Qh4 Qxh4 18. Nxh4 Nxa1 19. Rxa1 Kd7 20. Nf5 g6
21. Ne3 c6 22. Rf1 Raf8 23. b3 Ke6 24. Kf2 f5 25. Ke2 fxe4 26. dxe4 Rxf1 27.
Nxf1 d5 28. exd5+ cxd5 29. Ke3 Rc8 30. Kd3 e4+ 31. Kd4 Rc2 32. a3 Rxg2 33. Ne3
Rd2+ 34. Kc5 d4 35. Nf1 Rd3 36. Kb4 Ke5 37. a4 Rxh3 38. axb5 axb5 39. Nd2 e3
40. Nf1 d3 41. Kxb5 d2 42. b4 d1=Q 43. Kb6 Qa4 44. b5 e2 45. Nd2 Rd3 46. Nf3+
Rxf3 47. Kc6 Qc4+ 48. Kb6 Rf6+ 49. Ka5 e1=B# 0-1

[Event "DVM U14w 2013"]
[Site "Oberbernhards-Hilders GER"]
[Date "2013.12.27"]
[Round "1"]
[White "Geletzke, Hannah"]
[Black "Reinbold, Sorah Marie"]
[Result "1-0"]
[Termination "normal"]
[Board "9.4"]
[WhiteElo "1176"]
[BlackElo "754"]
[WhiteTeam "SV Empor Erfurt"]
[BlackTeam "SK Endingen"]
[WhiteFideId "12983330"]
[BlackFideId "12983497"]
[EventCountry "GER"]
[EventRounds "7"]
[EventType "team-swiss"]
[EventDate "2013.12.26"]

1. e4 e5 2. Nf3 Nc6 3. Bc4 Bc5 4. c3 Bb6 5. d3 h6 6. Nbd2 Nf6 7. Nf1 O-O 8. h3
Bc5 9. g4 d5 10. exd5 Nxd5 11. Be3 Bxe3 12. fxe3 Re8 13. Qd2 a6 14. e4 Nf4 15.
Nxe5 Nxe5 16. Qxf4 Nxd3+ 17. Bxd3 Qxd3 18. Nd2 Be6 19. O-O-O Bxa2 20. Rhg1 Bb3
21. Nxb3 Qb5 22. Kc2 Qa4 23. Rge1 c5 24. Ra1 Qb5 25. Ra5 Qc6 26. Rxc5 Qd7 27.
Rc7 Qa4 28. Qxf7+ Kh8 29. Qxg7# 1-0

[Event "DVM U14w 2013"]
[Site "Oberbernhards-Hilders GER"]
[Date "2013.12.27"]
[Round "1"]
[White "Kluge, Leyla"]
[Black "Rösler, Hannah Clara"]
[Result "1-0"]
[Termination "normal"]
[Board "10.1"]
[WhiteElo "1691"]
[BlackElo "879"]
[WhiteTeam "USG Chemnitz"]
[BlackTeam "SK Bebenhausen 1992"]
[WhiteFideId "12918172"]
[BlackFideId "12983500"]
[EventCountry "GER"]
[EventRounds "7"]
[EventType "team-swiss"]
[EventDate "2013.12.26"]

1. c4 e6 2. Nc3 d5 3. cxd5 exd5 4. d3 c6 5. g3 Nf6 6. Bg2 Nbd7 7. Nf3 Bb4 8.
O-O O-O 9. a3 Ba5 10. Qc2 b6 11. b4 Bxb4 12. axb4 Bb7 13. Bf4 Re8 14. d4 Qc8
15. Rfc1 c5 16. bxc5 bxc5 17. Nb5 Rf8 18. Nxa7 Qd8 19. dxc5 Nb8 20. c6 Nxc6 21.
Nxc6 Qd7 22. Ncd4 Rad8 23. Qc7 Qxc7 24. Rxc7 Bc8 25. Nc6 Rd7 26. Ne7+ Kh8 27.
Rxc8 Ne8 28. Raa8 h6 29. Rxe8 Rxe8 30. Rxe8+ Kh7 31. Ne5 Ra7 32. Nxf7 g6 33.
Be5 Ra8 34. Rxa8 d4 35. Rh8# 1-0

[Event "DVM U14w 2013"]
[Site "Oberbernhards-Hilders GER"]
[Date "2013.12.27"]
[Round "1"]
[White "Wettach, Imke Eileen"]
[Black "Fuchs, Joline"]
[Result "0-1"]
[Termination "normal"]
[Board "10.2"]
[WhiteElo "800"]
[BlackElo "1175"]
[WhiteTeam "SK Bebenhausen 1992"]
[BlackTeam "USG Chemnitz"]
[WhiteFideId "12983519"]
[BlackFideId "12964506"]
[EventCountry "GER"]
[EventRounds "7"]
[EventType "team-swiss"]
[EventDate "2013.12.26"]

1. e4 e5 2. Nf3 Nc6 3. Bb5 d6 4. O-O Bd7 5. d3 Nf6 6. Nc3 Be7 7. Be3 O-O 8. Qd2
Ng4 9. Rfe1 a6 10. Ba4 Nxe3 11. Qxe3 Qe8 12. Nd5 Bd8 13. Rad1 h6 14. h3 Ne7 15.
Nxe7+ Bxe7 16. Bxd7 Qxd7 17. d4 f6 18. dxe5 Qe6 19. exd6 Bxd6 20. b3 Rad8 21.
Rd3 Rd7 22. e5 fxe5 23. Nxe5 Re7 24. Nc4 Qxe3 25. Rdxe3 Ref7 26. R1e2 Bc5 27.
Rf3 Rxf3 28. gxf3 Rxf3 29. Kg2 Rf6 30. f3 Rg6+ 31. Kh2 Rf6 32. Ne5 Bd6 33. Kg3
Rf5 34. f4 h5 35. a4 g5 36. Ng6 gxf4+ 37. Kf3 Kg7 38. Nh4 Rg5 39. Rg2 Rxg2 40.
Nxg2 b5 41. axb5 axb5 42. Nxf4 Bxf4 43. Kxf4 Kg6 44. h4 Kf6 45. b4 Kg6 46. c3
Kf6 47. Ke4 Ke6 48. Kf4 Kf6 49. Kf3 Kf5 50. Kg3 Ke4 51. Kh3 Kf4 52. Kh2 Kg4 53.
Kg2 Kxh4 54. Kf3 Kh3 55. Kf4 h4 56. Kg5 Kg3 57. Kh5 h3 58. Kg5 h2 59. Kf5 h1=Q
60. Ke5 Qd1 61. Ke4 Kf2 62. Ke5 Ke1 63. Ke4 Qd2 64. Kf3 Qe2+ 65. Kf4 Kd2 66.
Kf5 Kxc3 67. Kf4 Kd3 68. Kf5 Kd4 69. Kf4 Qe4+ 70. Kg3 Qf5 71. Kg2 Ke3 72. Kg3
Qf3+ 73. Kh4 Qg2 74. Kh5 Kf4 75. Kh6 Kf5 76. Kh7 Kf6 77. Kh6 Qg6# 0-1

[Event "DVM U14w 2013"]
[Site "Oberbernhards-Hilders GER"]
[Date "2013.12.27"]
[Round "1"]
[White "Wienhold, Nadine"]
[Black "Hanser, Amelie"]
[Result "1-0"]
[Termination "normal"]
[Board "10.3"]
[WhiteElo "1222"]
[BlackElo "800"]
[WhiteTeam "USG Chemnitz"]
[BlackTeam "SK Bebenhausen 1992"]
[WhiteFideId "12964514"]
[BlackFideId "12983535"]
[EventCountry "GER"]
[EventRounds "7"]
[EventType "team-swiss"]
[EventDate "2013.12.26"]

1. e4 e5 2. Nf3 Nc6 3. Bc4 Qf6 4. d3 Bb4+ 5. c3 Bd6 6. O-O Nge7 7. d4 O-O 8.
Re1 Na5 9. Bg5 Qg6 10. Bxe7 Bxe7 11. Nxe5 Qg5 12. Nf3 Qf4 13. Nbd2 d5 14. Bxd5
Rd8 15. Nc4 b6 16. Nxa5 bxa5 17. Bxa8 Bg4 18. Bd5 Bd6 19. e5 Be7 20. Bc6 Rb8
21. b3 f6 22. Qc1 Qf5 23. Qb1 Qe6 24. Qe4 Rb6 25. Bd5 f5 26. Bxe6+ Rxe6 27. Qd5
Kf7 28. Qxa5 Bxf3 29. gxf3 Rg6+ 30. Kh1 Bh4 31. Qxc7+ Ke6 32. Rg1 Rg5 33. Rxg5
Bxg5 34. Qxg7 h6 35. Qg8+ Ke7 36. Qg6 a5 37. Qxf5 a4 38. bxa4 Kd8 39. Rb1 Be7
40. Rb7 h5 41. Qd7# 1-0

[Event "DVM U14w 2013"]
[Site "Oberbernhards-Hilders GER"]
[Date "2013.12.27"]
[Round "1"]
[White "Schwärzler, Helena Alica Nomi"]
[Black "Belusa, Laura Sophie"]
[Result "0-1"]
[Termination "normal"]
[Board "10.4"]
[WhiteElo "800"]
[BlackElo "1134"]
[WhiteTeam "SK Bebenhausen 1992"]
[BlackTeam "USG Chemnitz"]
[WhiteFideId "12983543"]
[BlackFideId "12964522"]
[EventCountry "GER"]
[EventRounds "7"]
[EventType "team-swiss"]
[EventDate "2013.12.26"]

1. e4 e5 2. Nf3 Nc6 3. Bc4 Bc5 4. d3 d6 5. O-O Be6 6. Bg5 Nf6 7. Nc3 h6 8. Bxe6
fxe6 9. Bh4 g5 10. Bg3 Qd7 11. Qd2 O-O-O 12. Rae1 a6 13. Na4 Nd4 14. Nxd4 Bxd4
15. Qb4 Qb5 16. c3 Qxb4 17. cxb4 b5 18. Nc3 d5 19. a4 c6 20. Rc1 Kb7 21. Ne2
Bxb2 22. Rc2 Bd4 23. Nxd4 exd4 24. Be5 Rhf8 25. Bxd4 dxe4 26. Bc5 exd3 27. Rd2
Ne4 28. Be7 Nxd2 29. Rd1 Nc4 30. Bxf8 Rxf8 31. Rxd3 Kb6 32. a5+ Nxa5 33. bxa5+
Kxa5 34. Ra3+ Kb6 35. Rh3 Rf6 36. Rd3 b4 37. Rd8 Rf7 38. Rh8 b3 39. Rb8+ Rb7
40. Rd8 b2 41. Rd1 Kc5 42. Re1 b1=Q 43. Rf1 a5 44. h3 Qxf1+ 45. Kxf1 Rb2 46. g3
a4 47. h4 g4 48. Kg2 a3 49. Kf1 a2 50. Kg2 a1=Q 51. h5 Rb1 52. Kh2 Rh1+ 53. Kg2
Qg1# 0-1

[Event "DVM U14w 2013"]
[Site "Oberbernhards-Hilders GER"]
[Date "2013.12.28"]
[Round "3"]
[White "Neumann, Isabel"]
[Black "Moses, Selina"]
[Result "1/2-1/2"]
[Termination "normal"]
[Board "1.1"]
[WhiteElo "1508"]
[BlackElo "1723"]
[WhiteTeam "SV 1919 Grimma"]
[BlackTeam "SV Muldental Wilkau-Haßlau"]
[WhiteFideId "12964468"]
[BlackFideId "12908070"]
[EventCountry "GER"]
[EventRounds "7"]
[EventType "team-swiss"]
[EventDate "2013.12.26"]

1. d4 d5 2. c4 c6 3. Nf3 Nf6 4. e3 e6 5. Bd3 Nbd7 6. O-O Bd6 7. Nbd2 O-O 8. b3
Re8 9. e4 dxe4 10. Nxe4 Nxe4 11. Bxe4 Nf6 12. Bc2 c5 13. Bb2 cxd4 14. Bxd4 Bf8
15. Re1 g6 16. Qd3 Bg7 17. Qc3 b6 18. Rad1 Qe7 19. Ng5 Bb7 20. h4 Nh5 21. Bxg7
Nxg7 22. Qg3 Rad8 23. Nf3 Rxd1 24. Rxd1 Rd8 25. Rxd8+ Qxd8 26. Ng5 Nf5 27. Qf4
h6 28. Nh3 Kg7 29. Bxf5 exf5 30. Qe5+ Kh7 31. Nf4 h5 32. a3 Qd1+ 33. Kh2 Qd8
34. Kg1 Qd1+ 35. Kh2 Qd8 36. Kg1 Qd1+ 1/2-1/2